LEADER 00906cam2 22002651 450 001 SOBE00055339 005 20170508092917.0 100 $a20170508d1991 |||||ita|0103 ba 101 $aita 102 $aIT 200 1 $a<<43: >>Chagall$f[testo di Anna Maestri] 210 $a[Milano]$cFabbri$d1991$hstampa 1992 215 $a[5] p., [16] p. di tav.$cill.$d36 cm 461 1$1001SOBE00055268$12001 $a<>maestri del colore$v43 700 1$aChagall$b, Marc$3A600200026686$4070$037596 702 1$aMaestri, Anna$3SOBA00014392$4070 801 0$aIT$bUNISOB$c20170508$gRICA 850 $aUNISOB 852 $aUNISOB$j700|Coll|76|K$m168340 912 $aSOBE00055339 940 $aM 102 Monografia moderna SBN 941 $aM 957 $a700|Coll|76|K$b000043$gCON$d168340$n20170503$rdono$tN$1menle$2UNISOB$3UNISOB$420170508092847.0$520170508092917.0$6menle 996 $aChagall$9301338 997 $aUNISOB LEADER 00945cam0 2200265 450 001 E600200014681 005 20201214111424.0 100 $a20051114d1980 |||||ita|0103 ba 101 $aita 102 $aIT 200 1 $aProblemi di psicologia scolastica$fMarcello Cesa Bianchi e Palma Bregani$gco la collaborazione di Luigi Pedrabissi 210 $aBrescia$cLa Scuola$d1980 215 $a160 p.$d21 cm. 700 1$aCesa-Bianchi$b, Marcello$3AF00005574$4070$0451403 702 1$aBregani, Palma$3A600200031028$4070 702 1$aPedrabissi, Luigi$3A600200033733$4070 801 0$aIT$bUNISOB$c20201214$gRICA 850 $aUNISOB 852 $aUNISOB$j150$m32765 912 $aE600200014681 940 $aM 102 Monografia moderna SBN 941 $aM 957 $a150$b000541$gSi$d32765$racquisto$1pregresso1$2UNISOB$3UNISOB$420051114102742.0$520190605104249.0$6Spinosa 996 $aProblemi di psicologia scolastica$91672273 997 $aUNISOB